敦賀駅から出ている行き先 - Statistics

General Stats
  • This quiz has been taken 242 times
  • The average score is 15 of 17
Answer Stats
路線 行き先 % Correct
北陸新幹線・ハピライン 金沢
99%
北陸新幹線 東京
99%
北陸本線 大阪
98%
北陸新幹線 富山
96%
北陸本線 京都
96%
北陸本線 米原
95%
ハピラインふくい 福井
93%
小浜線 小浜
92%
北陸本線 姫路
88%
北陸本線 長浜
85%
北陸本線 播州赤穂
85%
小浜線 東舞鶴
83%
小浜線 西舞鶴
76%
北陸本線 網干
72%
北陸本線 近江今津
71%
北陸本線 名古屋
66%
ハピラインふくい 芦原温泉
66%
No matching quizzes found
Score Distribution
Percent of People with Each Score
Percentile by Number Answered
Your Score History
You have not taken this quiz